000 00330nam a22001457a 4500
008 210429b ||||| |||| 00| 0 eng d
020 _a2900415249910
041 _aeng
080 _a070
082 _a070
100 _a39
101 _aMED
245 _aA guide to the information millenium
_cJohn M. Culkin
942 _2udc
_cBK
999 _c56992
_d56992